000 00896nam a2200253Ia 4500
003 OSt
005 20220923212627.0
006 a|||||r|||| 00| 0
007 ta
008 220922b |||||||| |||| 00| 0 hin d
024 _a154,668
037 _cTextual
040 _aARTS
_cARTS
_bhin
041 _2hin
_ahin
082 _aO1520m35,3:g, M2
100 _aलालावती, के.
245 0 _aहिन्दी तथा तेलुगु लेखिकाओ के उपन्यास
246 _aHindī tathā telugu lekhikāo ke upanyāsa
260 _aविशाखापट्म
_b आंध्र विश्वविद्यालय
_c1982
300 _a510 पृ.
_ccm.
650 _aहिन्दी साहित्य
_9156264
942 _hO1520m35,3:g, M2
_cTEXL
_2CC
999 _c310290
_d310290